书目信息 |
| 题名: |
奥林匹克大全
|
|
| 作者: | 刘修武 主编 | |
| 分册: | ||
| 出版信息: | 北京 人民体育出版社 1988.02 |
|
| 页数: | 1206页 | |
| 开本: | 21cm | |
| 丛书名: | ||
| 单 册: | ||
| 中图分类: | G811.21 | |
| 科图分类: | ||
| 主题词: | 奥运会 | |
| 电子资源: | ||
| ISBN: | 7-5009-0032-5 | |
| 000 | 00550nam0 2200193 45 | |
| 001 | 0501041112 | |
| 005 | 20050104153843.9 | |
| 010 | @a7-5009-0032-5@b精装@dCNY20.00 | |
| 100 | @a20050104d1988 km y0chiy0120 ea | |
| 101 | 0 | @achi |
| 105 | @a z 000yy | |
| 200 | 1 | @a奥林匹克大全@AAo Lin Pi Ke Da Quan@f刘修武主编@FLiu Xiu Wu Zhu Bian |
| 210 | @a北京@c人民体育出版社@d1988.02 | |
| 215 | @a1206页@c附彩图@d21cm | |
| 606 | 0 | @a奥运会 |
| 690 | @aG811.21@v3 | |
| 701 | 0 | @a刘修武@4主编 |
| 801 | @aCN@bPftUser@c20050104 | |
| 905 | @f1@b258303@dG811.21@e15 | |
| 奥林匹克大全/刘修武主编.-北京:人民体育出版社,1988.02 |
| 1206页:附彩图;21cm |
| ISBN 7-5009-0032-5(精装):CNY20.00 |
| ● |
| 相关链接 |
|
|
|
|
正题名:奥林匹克大全
索取号:G811.21/15
 
预约/预借
| 序号 | 登录号 | 条形码 | 馆藏地/架位号 | 状态 | 备注 |
| 1 | 0232573 | 001570678 | 第一样本阅览室/ [索取号:G811.21/15] | 在馆 | |
| 2 | 0258303 | 000298868 | 工具书阅览室/ [索取号:G811.21/15] | 在馆 |